BIBLIOTECA PODER JUDICIAL
Portal Judicial TDF

Ley Bases : (Registro nro. 5405)

000 -LEADER
fixed length control field 02226nab a22003017a 4500
003 - CONTROL NUMBER IDENTIFIER
control field OSt
005 - DATE AND TIME OF LATEST TRANSACTION
control field 20250311134444.0
008 - FIXED-LENGTH DATA ELEMENTS--GENERAL INFORMATION
fixed length control field 190604e xxu||||| |||| 00| 0 spa d
040 ## - CATALOGING SOURCE
Transcribing agency PJ
100 ## - MAIN ENTRY--PERSONAL NAME
9 (RLIN) 6431
Personal name Romano, Francisco Javier
245 10 - TITLE STATEMENT
Title Ley Bases :
Remainder of title análisis crítico de las reformas a la Ley de Hidrocarburos /
Statement of responsibility, etc Francisco Javier Romano.
260 ## - PUBLICATION, DISTRIBUTION, ETC. (IMPRINT)
Place of publication, distribution, etc Ciudad Autónoma de Buenos Aires :
Name of publisher, distributor, etc Thomson Reuters La Ley,
Date of publication, distribution, etc 2024.
300 ## - PHYSICAL DESCRIPTION
Extent p. 37-74
500 ## - GENERAL NOTE
General note Cita Online: TR LALEY AR/DOC/1831/2024.
505 ## - FORMATTED CONTENTS NOTE
Formatted contents note I. Introducción.— II. Reformas a la Ley de Hidrocarburos en la Ley de Bases: nuevos objetivos de política nacional.— III. Libertad de precios y exportaciones. Persistencia de derechos de exportación.— IV. Exportaciones de LNG. Reforma de la ley del gas y caso particular de la exportación estratégica a largo plazo en el régimen de incentivos a las grandes inversiones.— IV. RIGI. Proyectos de inversión.— V. Modos de adquisición de nuevas concesiones de explotación en el derecho argentino. Regla general: pliegos, plazos y prórrogas; procedimiento y criterio de adjudicación.— VI. Modos de adquisición de nuevas concesiones en el derecho argentino. Casos excepcionales: reconversión por subdivisión de áreas, unificación de áreas adyacentes y coexistencia de operaciones convencionales y no convencionales.— VII. Plazos.— VIII. Status de las concesiones existentes. Prórrogas.— IX. Autorizaciones de transporte y habilitaciones de procesamiento y de almacenamiento subterráneo.— X. Conclusiones.<br/>
505 ## - FORMATTED CONTENTS NOTE
Title ¿Te interesa el texto completo? Solicitalo al correo: koha@justierradelfuego.gov.ar<br/>
650 #0 - SUBJECT ADDED ENTRY--TOPICAL TERM
9 (RLIN) 3979
Topical term or geographic name as entry element HIDROCARBUROS
650 #0 - SUBJECT ADDED ENTRY--TOPICAL TERM
9 (RLIN) 6432
Topical term or geographic name as entry element EXPLOTACION DE HIDROCARBUROS
650 #0 - SUBJECT ADDED ENTRY--TOPICAL TERM
9 (RLIN) 4682
Topical term or geographic name as entry element GAS
650 #0 - SUBJECT ADDED ENTRY--TOPICAL TERM
9 (RLIN) 6433
Topical term or geographic name as entry element REGALÍAS PETROLÍFERAS
650 #0 - SUBJECT ADDED ENTRY--TOPICAL TERM
9 (RLIN) 1497
Topical term or geographic name as entry element CODIGO CIVIL Y COMERCIAL
650 #0 - SUBJECT ADDED ENTRY--TOPICAL TERM
9 (RLIN) 4429
Topical term or geographic name as entry element EMPLEO NO REGISTRADO
650 #0 - SUBJECT ADDED ENTRY--TOPICAL TERM
9 (RLIN) 4925
Topical term or geographic name as entry element ORGANIZACION INTERNACIONAL DEL TRABAJO
650 #0 - SUBJECT ADDED ENTRY--TOPICAL TERM
9 (RLIN) 1576
Topical term or geographic name as entry element DISCRIMINACION
650 #0 - SUBJECT ADDED ENTRY--TOPICAL TERM
9 (RLIN) 234
Topical term or geographic name as entry element DERECHO COMPARADO
773 0# - HOST ITEM ENTRY
Host Biblionumber 2714
Host Itemnumber 3171
Place, publisher, and date of publication Ciudad Autónoma de Buenos Aires : Thomson Reuters La Ley, 2014-
Title Revista anales de legislación argentina. Nº 8 - Agosto 2024.
942 ## - ADDED ENTRY ELEMENTS (KOHA)
Source of classification or shelving scheme
Koha item type Analítica Artículo de Revista

No hay ítems disponibles.

12 de Octubre 789 Ushuaia - Tel:  54(02901)441571
Horario de Atención: 8.00 a 17.00 hs. 
bibliotecaush@justierradelfuego.gov.ar
koha@justierradelfuego.gov.ar
Seguinos en nuestras redes @bibliojustdf 

Con tecnología Koha